| 000 | 00437pam a2200157a 44500 | ||
|---|---|---|---|
| 008 | 230405s2021 xxu||||| |||| 00| 0 eng d | ||
| 020 |
_a9788194727637 _cRs. 495 |
||
| 082 |
_a150 _bMAH |
||
| 100 | _aMaheshwari, S.k. | ||
| 245 | _aTextbook of Applied Psychology for Nursing and Alied Health Sciences | ||
| 260 |
_aPanjab _bVision Health Sc. Pub. _c2021 |
||
| 300 | _a296 p. | ||
| 502 | _atext | ||
| 700 | _aKaur, A. | ||
| 906 | _a004503 | ||
| 999 |
_c252537 _d252537 |
||